000 00508nam a22001932 4500
001 0000003609
005 20170406115148.0
008 140627s xx 000 0 eng d
020 _c$
040 _aYour Holding Symbol
_cYour Holding Symbol
100 1 _aHeiney ,Donald W.
245 1 0 _aEssentils of contemporary literature.
250 _a ed.
260 _aNew york :
_bBarron',
_c1954.
300 _a555 p. ;
_c cm.
504 _aindex.
650 0 _aliterature.
908 _a140627
999 _c3481
_d3481